[Event "Buenos Aires Ramos Memorial"]
[Site "Buenos Aires"]
[Date "2024.03.31"]
[Round "5"]
[White "Schuster, Carlos"]
[Black "Torres, Oscar"]
[Result "1-0"]
[WhiteElo "2211"]
[BlackElo "1930"]
[PlyCount "51"]
[EventDate "2024.03.29"]
[EventType "swiss"]
[EventRounds "6"]
[EventCountry "ARG"]
[SourceTitle "CB14_2024"]
[SourceDate "2024.04.01"]
[SourceVersion "1"]
[SourceVersionDate "2024.04.01"]
[SourceQuality "1"]

1. d4 Nf6 2. Nf3 g6 3. c4 Bg7 4. Nc3 d5 5. cxd5 Nxd5 6. e4 Nxc3 7. bxc3 c5 8. Rb1 0-0 9. Be2 e6 10. 0-0 b6 11. Bg5 Qc7 12. Qd2 Bb7 13. d5 exd5 14. exd5 Qd6 15. c4 Nd7 16. Bf4 Qf6 17. Rb3 Rfe8 18. Bd3 Rac8 19. h3 Bxd5 20. Bg5 Qd6 21. Bc2 Ne5 22. Qxd5 Qxd5 23. cxd5 Nxf3+ 24. Rxf3 Re2 25. Bd3 Rxa2 26. d6 1-0

[Event "Buenos Aires Ramos Memorial"]
[Site "Buenos Aires"]
[Date "2024.03.29"]
[Round "2"]
[White "Chocala, Leonel"]
[Black "Schuster, Carlos"]
[Result "0-1"]
[WhiteElo "1573"]
[BlackElo "2211"]
[PlyCount "62"]
[EventDate "2024.03.29"]
[EventType "swiss"]
[EventRounds "6"]
[EventCountry "ARG"]
[SourceTitle "CB14_2024"]
[SourceDate "2024.04.01"]
[SourceVersion "1"]
[SourceVersionDate "2024.04.01"]
[SourceQuality "1"]

1. d4 d5 2. c4 e6 3. Nc3 Nf6 4. Bg5 Be7 5. e3 Nbd7 6. Nf3 h6 7. Bh4 0-0 8. cxd5 exd5 9. Bd3 c6 10. 0-0 Re8 11. a3 Ne4 12. Bxe7 Qxe7 13. Qc2 Nf8 14. Ne2 Bg4 15. Nd2 Nd6 16. Rfe1 Qg5 17. Ng3 h5 18. f3 h4 19. fxg4 hxg3 20. Nf3 gxh2+ 21. Nxh2 Rxe3 22. Rf1 Rae8 23. Rad1 g6 24. Qf2 R3e7 25. a4 Qe3 26. Rd2 Qxf2+ 27. Rdxf2 Ne6 28. Nf3 Ne4 29. Bxe4 dxe4 30. Ne5 e3 31. Rxf7 e2 0-1

[Event "ARG-ch sf"]
[Site "Vicente Lopez"]
[Date "2016.06.29"]
[Round "6"]
[White "Cisneros, German"]
[Black "Schuster, Carlos"]
[Result "0-1"]
[WhiteElo "2034"]
[BlackElo "2265"]
[PlyCount "108"]
[EventDate "2016.06.25"]
[EventType "swiss"]
[EventRounds "9"]
[EventCountry "ARG"]
[SourceTitle "CBM 173 Extra"]
[Source "ChessBase"]
[SourceDate "2016.08.29"]
[SourceVersion "1"]
[SourceVersionDate "2016.08.29"]
[SourceQuality "1"]

1. d4 d5 2. Nf3 c6 3. Bf4 Nf6 4. e3 Bf5 5. c4 e6 6. Qb3 Qc8 7. Nc3 Be7 8. Rc1 Nbd7 9. h3 h6 10. Be2 Nb6 11. Ne5 0-0 12. 0-0 Ne4 13. Nxe4 Bxe4 14. f3 Bh7 15. c5 Nd7 16. Nxd7 Qxd7 17. a4 Rfe8 18. Bd3 Bxd3 19. Qxd3 Bf6 20. Be5 Bg5 21. f4 Be7 22. f5 exf5 23. Rxf5 Bg5 24. Rcf1 f6 25. Bf4 Re4 26. Bxg5 hxg5 27. Qe2 Rae8 28. Qh5 R8e6 29. Qg6 Qe8 30. Qxe8+ Rxe8 31. b4 Rxe3 32. Rb1 R8e4 33. b5 Rxd4 34. bxc6 bxc6 35. Rf2 Rxa4 36. Rb7 Ra5 37. Rc2 f5 38. Rc7 Re6 39. Kf2 a6 40. Ra7 Kf8 41. g4 f4 42. h4 gxh4 43. g5 g6 44. Rh7 Re5 45. Rxh4 Rxg5 46. Re2 Kf7 47. Rh7+ Kf6 48. Kf3 Rg3+ 49. Kxf4 Rc3 50. Re3 g5+ 51. Kf3 g4+ 52. Kf2 g3+ 53. Kf3 Rxe3+ 54. Kxe3 Rxc5 0-1

[Event "ARG-ch sf"]
[Site "Vicente Lopez"]
[Date "2016.06.25"]
[Round "1"]
[White "Schuster, Carlos"]
[Black "Bulcourf, Carlos"]
[Result "0-1"]
[WhiteElo "2265"]
[BlackElo "2018"]
[PlyCount "74"]
[EventDate "2016.06.25"]
[EventType "swiss"]
[EventRounds "9"]
[EventCountry "ARG"]
[SourceTitle "CBM 173 Extra"]
[Source "ChessBase"]
[SourceDate "2016.08.29"]
[SourceVersion "1"]
[SourceVersionDate "2016.08.29"]
[SourceQuality "1"]

1. d4 d5 2. Nf3 Bf5 3. c4 e6 4. Nc3 Nc6 5. cxd5 exd5 6. Bg5 f6 7. Bf4 g5 8. Bg3 h5 9. h4 g4 10. Ng1 Bd6 11. Bxd6 Qxd6 12. Qd2 0-0-0 13. 0-0-0 Nh6 14. g3 Be4 15. Nxe4 dxe4 16. e3 Qd5 17. Kb1 Qf5 18. Rc1 Nf7 19. Bg2 Nfe5 20. Rc5 Qh7 21. Qc2 Nd3 22. Rxc6 bxc6 23. Qxc6 Rd6 24. Qc2 f5 25. Bf1 Qd7 26. Bxd3 exd3 27. Qxd3 Qc6 28. Qxf5+ Kb7 29. Rh2 Rf6 30. Qd3 Rhf8 31. f4 gxf3 32. Rf2 Qa6 33. Qe4+ Qc6 34. Qd3 Rg6 35. Rc2 f2 36. Rxc6 f1Q+ 37. Rc1 Qxd3+ 0-1

[Event "ARG-ch sf"]
[Site "Ezeiza"]
[Date "2000.09.03"]
[Round "6"]
[White "Bustamante, Oscar"]
[Black "Schuster, Carlos"]
[Result "0-1"]
[WhiteElo "2013"]
[BlackElo "2255"]
[PlyCount "52"]
[EventDate "2000.08.29"]
[EventType "swiss"]
[EventRounds "9"]
[EventCountry "ARG"]
[SourceTitle "EXT 2001"]
[Source "ChessBase"]
[SourceDate "2000.11.22"]
[SourceVersion "1"]
[SourceVersionDate "2000.11.22"]
[SourceQuality "1"]

1. e4 c5 2. Nf3 d6 3. c3 Nf6 4. Be2 Nbd7 5. d3 b6 6. 0-0 Bb7 7. Re1 g6 8. Bg5 Bg7 9. Nbd2 Qc7 10. Qc2 h6 11. Bxf6 Bxf6 12. Rac1 Rc8 13. Nf1 0-0 14. Ng3 Ne5 15. Nxe5 dxe5 16. Nf1 e6 17. g3 Bg5 18. Rcd1 h5 19. h4 Bh6 20. Ne3 f5 21. Qb3 Rcd8 22. d4 Bxe3 23. fxe3 exd4 24. Kh2 fxe4 25. cxd4 Rf2+ 26. Kh3 Bd5 0-1

[Event "FASGBA Superior"]
[Site "Argentina"]
[Date "1999.??.??"]
[Round "7"]
[White "Peralta, Fernando"]
[Black "Schuster, Carlos"]
[Result "1-0"]
[WhiteElo "2430"]
[BlackElo "2270"]
[PlyCount "83"]
[EventDate "1999.??.??"]
[EventType "tourn"]
[EventRounds "9"]
[EventCountry "ARG"]
[EventCategory "1"]
[SourceTitle "EXT 2000"]
[Source "ChessBase"]
[SourceDate "1999.11.16"]
[SourceVersion "1"]
[SourceVersionDate "1999.11.16"]
[SourceQuality "1"]

1. d4 Nf6 2. c4 e6 3. Nc3 d5 4. cxd5 exd5 5. Bg5 Be7 6. e3 Nbd7 7. Bd3 Nf8 8. Qc2 g6 9. Nf3 Ne6 10. Bxf6 Bxf6 11. 0-0 0-0 12. b4 Ng7 13. b5 Bf5 14. Bxf5 Nxf5 15. Qb3 Ne7 16. Rfc1 Qd7 17. Ne1 Rfd8 18. Nd3 c6 19. a4 a5 20. Qd1 Qf5 21. Ne2 Rac8 22. Ng3 Qe6 23. Qf3 Bg7 24. h4 h5 25. Ne2 Rd6 26. Ra2 Nf5 27. g3 Ne7 28. Rac2 Qe4 29. Qxe4 dxe4 30. Ne5 Nd5 31. Nf4 Re8 32. Nc4 Rd7 33. Nxd5 Rxd5 34. Nb2 g5 35. hxg5 Rxg5 36. Rxc6 h4 37. Rc8 Rxc8 38. Rxc8+ Kh7 39. Kg2 hxg3 40. fxg3 Bh6 41. Nc4 Rf5 42. Re8 1-0

[Event "FASGBA Superior"]
[Site "Argentina"]
[Date "1999.??.??"]
[Round "8"]
[White "Schuster, Carlos"]
[Black "Churin, Leonardo"]
[Result "1-0"]
[WhiteElo "2270"]
[BlackElo "2280"]
[PlyCount "43"]
[EventDate "1999.??.??"]
[EventType "tourn"]
[EventRounds "9"]
[EventCountry "ARG"]
[EventCategory "1"]
[SourceTitle "EXT 2000"]
[Source "ChessBase"]
[SourceDate "1999.11.16"]
[SourceVersion "1"]
[SourceVersionDate "1999.11.16"]
[SourceQuality "1"]

1. d4 Nf6 2. c4 c5 3. d5 b5 4. Qc2 e6 5. e4 bxc4 6. Bxc4 exd5 7. exd5 Bd6 8. Nf3 Qe7+ 9. Kd1 0-0 10. Re1 Qd8 11. Bg5 h6 12. Bh4 Ba6 13. Nbd2 Bf4 14. Qf5 Bxd2 15. Nxd2 d6 16. Ne4 Qc8 17. Nxf6+ gxf6 18. Qf4 Bxc4 19. Bxf6 Bd3 20. Qxh6 Qg4+ 21. f3 Qg6 22. Qh8# 1-0

[Event "FASGBA Superior"]
[Site "Argentina"]
[Date "1999.??.??"]
[Round "4"]
[White "Schuster, Carlos"]
[Black "Nedilsky, Diego"]
[Result "0-1"]
[WhiteElo "2270"]
[BlackElo "2330"]
[PlyCount "86"]
[EventDate "1999.??.??"]
[EventType "tourn"]
[EventRounds "9"]
[EventCountry "ARG"]
[EventCategory "1"]
[SourceTitle "EXT 2000"]
[Source "ChessBase"]
[SourceDate "1999.11.16"]
[SourceVersion "1"]
[SourceVersionDate "1999.11.16"]
[SourceQuality "1"]

1. d4 f5 2. c4 Nf6 3. Nc3 g6 4. g3 Bg7 5. Bg2 d6 6. Nf3 0-0 7. 0-0 Nc6 8. e3 e5 9. b3 e4 10. Ne1 Ne7 11. f3 exf3 12. Bxf3 c6 13. Ba3 Re8 14. Nd3 g5 15. Qd2 Ng6 16. Nf2 Bh6 17. Rae1 Kh8 18. e4 f4 19. Nd3 Ng4 20. gxf4 gxf4 21. Kh1 Nh4 22. Qe2 Ne3 23. Rg1 Nc2 24. Bh5 Nxa3 25. Qb2 Rf8 26. Qxa3 f3 27. Nd1 Bd2 28. N1f2 Bxe1 29. Nxe1 Qf6 30. Qb2 Rg8 31. Rg3 Be6 32. Qc3 Rxg3 33. hxg3 d5 34. cxd5 cxd5 35. Qd2 Rg8 36. Kh2 Rg5 37. exd5 Rxh5 38. dxe6 Nf5+ 39. Kg1 Nxd4 40. g4 Rd5 41. Qe3 Re5 42. Ne4 Rxe4 43. Qxe4 f2+ 0-1

[Event "ARG-ch sf"]
[Site "Buenos Aires"]
[Date "1998.??.??"]
[Round "3"]
[White "Schuster, Carlos"]
[Black "Peralta, Fernando"]
[Result "0-1"]
[WhiteElo "2265"]
[BlackElo "2360"]
[PlyCount "56"]
[EventDate "1998.??.??"]
[EventType "swiss"]
[EventRounds "9"]
[EventCountry "ARG"]
[SourceTitle "EXT 2000"]
[Source "ChessBase"]
[SourceDate "1999.11.16"]
[SourceVersion "1"]
[SourceVersionDate "1999.11.16"]
[SourceQuality "1"]

1. d4 g6 2. c4 Bg7 3. e4 d6 4. Nc3 Nf6 5. Be2 0-0 6. Nf3 e5 7. Bg5 h6 8. Bh4 g5 9. Bg3 g4 10. Nh4 exd4 11. Qxd4 Re8 12. Qd3 Na6 13. f3 Nc5 14. Qc2 Nh5 15. 0-0-0 Nxg3 16. hxg3 c6 17. Kb1 a6 18. Qd2 Be6 19. Nf5 Bxf5 20. exf5 Qf6 21. fxg4 Ne4 22. Nxe4 Rxe4 23. Rc1 b5 24. Rhd1 bxc4 25. Bf3 Rb8 26. Rc2 Re7 27. Bxc6 c3 28. Qxd6 Qxd6 0-1

[Event "Chivilcoy-ch"]
[Site "Buenos Aires"]
[Date "1996.??.??"]
[Round "?"]
[White "Dolezal, Cristian"]
[Black "Schuster, Carlos"]
[Result "0-1"]
[WhiteElo "2355"]
[BlackElo "2290"]
[PlyCount "76"]
[EventDate "1996.??.??"]
[EventType "swiss"]
[EventRounds "7"]
[EventCountry "ARG"]
[SourceTitle "EXT 2001"]
[Source "ChessBase"]
[SourceDate "2000.11.22"]
[SourceVersion "1"]
[SourceVersionDate "2000.11.22"]
[SourceQuality "1"]

1. e4 c5 2. Ne2 d6 3. g3 g6 4. Bg2 Bg7 5. c3 e5 6. d4 Nc6 7. d5 Nce7 8. 0-0 f5 9. Nd2 Nf6 10. f3 0-0 11. a4 b6 12. b4 cxb4 13. cxb4 b5 14. Nc3 Qb6+ 15. Kh1 Bd7 16. Nxb5 Rfc8 17. Qe2 a6 18. Na3 fxe4 19. fxe4 Bxa4 20. Nac4 Qb5 21. Qf2 Rf8 22. Nxd6 Qxb4 23. Ba3 Qc3 24. Qe2 Bc2 25. N6c4 Bd3 26. Qd1 Bxf1 27. Bxf1 Ng4 28. Qc1 Qd4 29. Bxe7 Rf2 30. Nf3 Rxf3 31. Ra2 Rc8 32. d6 Bh6 33. Qa1 Rxc4 34. Qxd4 Rxd4 35. Bxa6 Rf2 36. Be2 Ne3 37. Kg1 Rg2+ 38. Kh1 Rxe2 0-1

[Event "Chivilcoy-ch"]
[Site "Buenos Aires"]
[Date "1996.??.??"]
[Round "?"]
[White "Schuster, Carlos"]
[Black "Fucek, Claudio"]
[Result "1/2-1/2"]
[WhiteElo "2290"]
[BlackElo "2265"]
[PlyCount "108"]
[EventDate "1996.??.??"]
[EventType "swiss"]
[EventRounds "7"]
[EventCountry "ARG"]
[SourceTitle "EXT 2001"]
[Source "ChessBase"]
[SourceDate "2000.11.22"]
[SourceVersion "1"]
[SourceVersionDate "2000.11.22"]
[SourceQuality "1"]

1. Nf3 Nf6 2. g3 g6 3. Bg2 Bg7 4. c4 0-0 5. 0-0 c5 6. Nc3 d6 7. d4 Nc6 8. d5 Na5 9. Qd3 a6 10. Nd2 Ng4 11. Qc2 Ne5 12. b3 b5 13. cxb5 axb5 14. Bb2 Bf5 15. e4 Bd7 16. Nd1 Qb6 17. f4 c4+ 18. Kh1 cxb3 19. axb3 Rfc8 20. Qb1 Ng4 21. Bxg7 Kxg7 22. Qb2+ f6 23. Rf3 h5 24. h3 Rh8 25. b4 Nc4 26. Nxc4 bxc4 27. Rxa8 Rxa8 28. hxg4 hxg4 29. Rf2 Ba4 30. Nc3 Qe3 31. e5 dxe5 32. fxe5 Qe1+ 33. Rf1 Qxe5 34. Nxa4 Qe3 35. Qf2 Qxf2 36. Rxf2 Rxa4 37. b5 Rb4 38. Rc2 Rxb5 39. Rxc4 f5 40. Rc1 Kf7 41. Bf1 Rb6 42. Kg1 e6 43. Rc6 Rxc6 44. dxc6 Ke7 45. Kf2 Kd6 46. Bg2 e5 47. Ke3 e4 48. Bxe4 fxe4 49. Kxe4 Kxc6 50. Ke5 Kd7 51. Kf6 Ke8 52. Kxg6 Kf8 53. Kg5 Kg7 54. Kxg4 Kg6 1/2-1/2

[Event "Mar del Plata op"]
[Site "Mar del Plata"]
[Date "1996.??.??"]
[Round "5"]
[White "Schuster, Carlos"]
[Black "Ginzburg, Maximiliano"]
[Result "0-1"]
[WhiteElo "2290"]
[BlackElo "2405"]
[PlyCount "122"]
[EventDate "1996.??.??"]
[EventType "swiss"]
[EventRounds "9"]
[EventCountry "ARG"]
[SourceTitle "CBM 051 Extra"]
[Source "ChessBase"]
[SourceDate "1996.05.01"]
[SourceVersion "1"]
[SourceVersionDate "1996.05.01"]
[SourceQuality "1"]

1. d4 f5 2. c4 Nf6 3. Nc3 e6 4. g3 d5 5. Bg2 c6 6. b3 Bd6 7. e3 0-0 8. Nf3 Bd7 9. Ne2 Qe7 10. 0-0 Be8 11. Nf4 Nbd7 12. Bb2 Bh5 13. Nxh5 Nxh5 14. Ne5 Ndf6 15. Bf3 g6 16. a4 Rfc8 17. Nd3 Ng7 18. h4 Ne4 19. Kg2 Ne8 20. Be2 N8f6 21. Rh1 h5 22. Nf4 Bxf4 23. exf4 Ng4 24. Bxg4 hxg4 25. Qd3 Kg7 26. Ba3 Qd7 27. Ra2 b6 28. Rc1 Kf7 29. Rac2 dxc4 30. Qxc4 a6 31. Bb2 b5 32. axb5 axb5 33. Qb4 Ra6 34. Kg1 Rca8 35. Kh2 Qd5 36. Kg1 R8a7 37. Re1 Ra4 38. bxa4 Rxa4 39. Qxa4 bxa4 40. Rec1 Qb3 41. Ba1 Qf3 42. Kh2 Ke7 43. Ra2 Kd6 44. Rcc2 a3 45. Bc3 Kd5 46. Bb4 Qb3 47. Bc5 e5 48. fxe5 f4 49. gxf4 g3+ 50. fxg3 Qxg3+ 51. Kh1 Qxh4+ 52. Kg1 Qe1+ 53. Kh2 Qg3+ 54. Kh1 Qxf4 55. Rxa3 g5 56. Raa2 Qf1+ 57. Kh2 g4 58. Rg2 Qf4+ 59. Kg1 g3 60. Rac2 Ng5 61. Rge2 Qf3 0-1

[Event "Mar del Plata op"]
[Site "Mar del Plata"]
[Date "1996.??.??"]
[Round "4"]
[White "Zapata, Alonso"]
[Black "Schuster, Carlos"]
[Result "1-0"]
[WhiteElo "2505"]
[BlackElo "2290"]
[PlyCount "71"]
[EventDate "1996.??.??"]
[EventType "swiss"]
[EventRounds "9"]
[EventCountry "ARG"]
[SourceTitle "CBM 051 Extra"]
[Source "ChessBase"]
[SourceDate "1996.05.01"]
[SourceVersion "1"]
[SourceVersionDate "1996.05.01"]
[SourceQuality "1"]

1. e4 c5 2. Nf3 Nc6 3. d4 cxd4 4. Nxd4 Nf6 5. Nc3 d6 6. Bc4 e6 7. Be3 a6 8. Qe2 Bd7 9. 0-0-0 Qc7 10. Bb3 Be7 11. g4 h6 12. f3 Na5 13. h4 g6 14. g5 Nh5 15. Qf2 hxg5 16. hxg5 b5 17. Kb1 Nc4 18. Bc1 Qc5 19. f4 a5 20. Bxc4 Qxc4 21. Nce2 Rc8 22. Ng3 e5 23. fxe5 dxe5 24. Nf3 Qc7 25. Rd5 Be6 26. Rxe5 Bg4 27. Bf4 Bxf3 28. Qxf3 Qxc2+ 29. Ka1 Rh7 30. a3 Kf8 31. Nxh5 Rxh5 32. Rxh5 gxh5 33. g6 Bf6 34. Bh6+ Kg8 35. Qxf6 Qd1+ 36. Ka2 1-0

[Event "Buenos Aires VII Najdorf op"]
[Site "Buenos Aires"]
[Date "1995.??.??"]
[Round "3"]
[White "Schuster, Carlos"]
[Black "Gomez Baillo, Jorge H"]
[Result "0-1"]
[WhiteElo "2310"]
[BlackElo "2415"]
[PlyCount "68"]
[EventDate "1995.??.??"]
[EventType "swiss"]
[EventRounds "9"]
[EventCountry "ARG"]
[SourceTitle "EXT 1997"]
[Source "ChessBase"]
[SourceDate "1996.11.15"]
[SourceVersion "1"]
[SourceVersionDate "1996.11.15"]
[SourceQuality "1"]

1. d4 d5 2. c4 c6 3. Nc3 Nf6 4. Nf3 dxc4 5. a4 Bf5 6. e3 e6 7. Bxc4 Bb4 8. 0-0 Nbd7 9. Qb3 Qb6 10. Nh4 0-0 11. Rd1 Bg4 12. f3 Bh5 13. g4 Bg6 14. Nxg6 hxg6 15. Qc2 a5 16. g5 Ne8 17. Kh1 Nd6 18. Ba2 Rad8 19. f4 c5 20. d5 e5 21. Ne4 exf4 22. exf4 Rfe8 23. Ng3 Be1 24. Bd2 Bxd2 25. Rxd2 Re3 26. Rf1 Qb4 27. f5 Qh4 28. Rg2 Qh3 29. Kg1 Ne5 30. Qxc5 Nf3+ 31. Kh1 Nh4 32. Rgf2 Rxg3 33. Qc7 Rc8 34. Qxd6 Rf3 0-1

[Event "Buenos Aires op"]
[Site "Buenos Aires"]
[Date "1990.??.??"]
[Round "1"]
[White "Soppe, Guillermo"]
[Black "Schuster, Carlos"]
[Result "1-0"]
[WhiteElo "2405"]
[BlackElo "2320"]
[PlyCount "75"]
[EventDate "1990.??.??"]
[EventType "swiss"]
[EventRounds "11"]
[EventCountry "ARG"]
[SourceTitle "EXT 1997"]
[Source "ChessBase"]
[SourceDate "1996.11.15"]
[SourceVersion "1"]
[SourceVersionDate "1996.11.15"]
[SourceQuality "1"]

1. d4 Nf6 2. c4 e6 3. Nc3 Bb4 4. Qb3 c5 5. dxc5 Na6 6. a3 Bxc5 7. Nf3 b6 8. Qc2 Bb7 9. b4 Be7 10. e4 0-0 11. Bd3 d6 12. 0-0 Nc7 13. Bb2 e5 14. Rad1 Ne6 15. Rfe1 Rc8 16. Bf1 Qc7 17. Qa4 a6 18. Rc1 Qb8 19. Nd5 Nxd5 20. cxd5 b5 21. Qb3 Nc7 22. Nxe5 dxe5 23. Bxe5 Bf6 24. Bg3 Rfd8 25. Be2 Bd4 26. Bg4 Qa7 27. Bxc8 Rxc8 28. Qf3 Ne8 29. Rxc8 Bxc8 30. Rc1 Bd7 31. e5 a5 32. bxa5 Qxa5 33. e6 fxe6 34. dxe6 Bxe6 35. Qe4 Bf7 36. Qxd4 Qxa3 37. Re1 Qa5 38. Ra1 1-0

[Event "ARG-ch"]
[Site "Argentina"]
[Date "1989.??.??"]
[Round "14"]
[White "Adla, Diego Gustavo"]
[Black "Schuster, Carlos"]
[Result "0-1"]
[WhiteElo "2335"]
[BlackElo "2250"]
[PlyCount "78"]
[EventDate "1989.??.??"]
[EventType "tourn"]
[EventRounds "17"]
[EventCountry "ARG"]
[EventCategory "6"]
[SourceTitle "EXT 1997"]
[Source "ChessBase"]
[SourceDate "1996.11.15"]
[SourceVersion "1"]
[SourceVersionDate "1996.11.15"]
[SourceQuality "1"]

1. d4 Nf6 2. c4 e6 3. Nc3 Bb4 4. e3 b6 5. Nge2 Ba6 6. Ng3 c5 7. d5 exd5 8. cxd5 Bxf1 9. Kxf1 0-0 10. e4 d6 11. Bg5 h6 12. Bf4 Re8 13. Qf3 c4 14. Rd1 Nbd7 15. Nf5 Ne5 16. Bxe5 Rxe5 17. Qg3 Nh5 18. Qf3 Nf6 19. Qg3 Nh5 20. Qg4 Qg5 21. Qxg5 hxg5 22. g4 Nf4 23. f3 Ree8 24. Rc1 g6 25. Nd4 Nd3 26. Rc2 a6 27. Nc6 Kg7 28. Na4 b5 29. a3 Bc5 30. Nxc5 Nxc5 31. Ke2 Rh8 32. Ke3 Rh3 33. Kf2 Kf6 34. Kg2 Rah8 35. Kg1 Nd3 36. Nd4 Ke5 37. Nc6+ Kf4 38. Nd4 Ke3 39. Nc6 Rxf3 0-1

[Event "ARG-ch"]
[Site "Argentina"]
[Date "1989.??.??"]
[Round "5"]
[White "Panno, Oscar"]
[Black "Schuster, Carlos"]
[Result "1-0"]
[WhiteElo "2495"]
[BlackElo "2250"]
[PlyCount "95"]
[EventDate "1989.??.??"]
[EventType "tourn"]
[EventRounds "17"]
[EventCountry "ARG"]
[EventCategory "6"]
[SourceTitle "EXT 1997"]
[Source "ChessBase"]
[SourceDate "1996.11.15"]
[SourceVersion "1"]
[SourceVersionDate "1996.11.15"]
[SourceQuality "1"]

1. d4 Nf6 2. c4 e6 3. Nc3 c5 4. d5 exd5 5. cxd5 d6 6. Nf3 g6 7. g3 Na6 8. Bg2 Bg7 9. 0-0 0-0 10. Nd2 Nc7 11. a4 b6 12. Re1 Ba6 13. Rb1 Re8 14. h3 Qe7 15. Qc2 Nd7 16. b3 Ne5 17. Bb2 f5 18. f4 Nd7 19. e4 Qf8 20. Nc4 Bd4+ 21. Kh2 Rad8 22. Rbd1 h5 23. exf5 gxf5 24. Bf3 Rxe1 25. Rxe1 h4 26. gxh4 Re8 27. Re2 Rxe2+ 28. Nxe2 Bxb2 29. Qxb2 Nf6 30. Qd2 Qh6 31. Ng3 Bb7 32. Nxd6 Bxd5 33. Ngxf5 Qh7 34. Bd1 Kf8 35. Qe3 Qg6 36. Bf3 Bxf3 37. Qxf3 Ncd5 38. Qe2 Nh5 39. Qe5 Nhxf4 40. Qh8+ Qg8 41. Qxg8+ Kxg8 42. Nc8 a5 43. Nfe7+ Kf7 44. Nxd5 Nxd5 45. Kg3 Ke6 46. h5 Kf5 47. Kf3 Nf4 48. Ne7+ 1-0